000 00808cab a2200229 4500
001 WB3311-20
008 090401t1997 xxu||||| |||| 00| 0 eng d
035 _a(Sirsi) u77085
041 _aeng
245 _aLife outside the Euro
260 _c1997
350 _a0
490 _aRICS Press Release
_v(PR21.comm) 11 March 1997, (2)
520 _aAccording to an RICS survey, more than 62% of chartered surveyors practising as commercial property advisers in London fear that London`s status as the financial centre of Europe will be eroded if Britain does not join the European Monetary Union.
650 _aABOUT RICS-RICS MEMBERS
650 _aEUROPEAN MONETARY UNION
650 _aFINANCIAL CENTRES
650 _aLONDON
690 _aEUROPE-SINGLE MARKET
942 _n0
948 _c13/03/1997
999 _c48450
_d48450